00759nam a2200253 a 4500001001300000003000900013005001700022008004100039020001000080082001300090100002600103245002200129260003600151300000900187500003500196505001000231650001500241700002600256902000800282942000700290952009700297952009600394999001500490nice12345678IN_TiNIC20260116012925.0050524s1985 lona grc 000 0 49g  ac10000a220bGHA aGhauri, Joseph Philip aBachchon Ki Bible aLondonbWatts and Companyc1985 a104p aincludes index and biblioraphy2 aIndex aBible-Urdu1 aGhauri, Joseph Philip bSRS cPC 00104070aHMIbHMId2007-06-21g100.00l0o220 GHA C1p013311r2007-06-21w2026-01-16yBK 00104070aHMIbHMId2018-04-11g100.00l0o220 GHA C2p013312r2018-04-11w2026-01-16yBK c8914d8914